Riesgos de una educación mediocre

Saved in:
Bibliographic Details
Format: Text
Subjects:
Tags: Add Tag
No Tags, Be the first to tag this record!

MARC

LEADER 00000 a a2200000 04500
001 6730
003
040
245 |a Riesgos de una educación mediocre  
650 |a DESARROLLO HUMANO  
650 |a EDUCACION PUBLICA  
650 |a MUERTE  
650 |a CLASES SOCIALES  
650 |a EL SALVADOR  
773 |g volumen 26, número 1171; páginas 11-12  
999 |c 31791  |d 31791